| 000 | 00865nam a2200241 i 4500 | ||
|---|---|---|---|
| 001 | 13671 | ||
| 003 | ES-MaACL | ||
| 005 | 20230906150634.0 | ||
| 007 | t| | ||
| 008 | 980526s1997 sp ||||1| spa d | ||
| 020 | _a84-7658-507-1 | ||
| 080 | _a1 Ortega y Gasset, José:32 | ||
| 245 | 0 | 0 |
_aPolítica y sociedad en José Ortega y Gasset _b: en torno a "Vieja y nueva política" / _cM. Teresa López de la Vieja. |
| 250 | _a1ª ed. | ||
| 260 |
_aBarcelona : _bAnthropos, _c1997. |
||
| 300 |
_a223 p. ; _c20 cm. |
||
| 490 | 1 |
_aPensamiento crítico/pensamiento utópico ; _v95 |
|
| 600 | 1 | 4 |
_aOrtega y Gasset, José, _d1883-1955- _xPensamiento político _987510 |
| 700 | 1 |
_aLópez de la Vieja, Mª Teresa. _973558 |
|
| 830 | 0 |
_aPensamiento crítico/pensamiento utópico ; _v95 _9177290 |
|
| 852 |
_aES-MaACL _jL-20944 _bR.125992 |
||
| 999 |
_c13671 _d13671 |
||